Η Εμπορική Επιχείρησις / Και η Προστασία αυτής (Βιομηχανική Ιδιοκτησία) (Record no. 5423)
[ view plain ]
| 000 -LEADER | |
|---|---|
| fixed length control field | 01767cam a22001934a 4500 |
| 005 - ΗΜΕΡΟΜΗΝΙΑ ΚΑΙ ΩΡΑ ΤΕΛΕΥΤΑΙΑΣ ΕΝΗΜΕΡΩΣΗΣ | |
| Πεδίο ελέγχου | 20250605164212.0 |
| 008 - FIXED-LENGTH DATA ELEMENTS--GENERAL INFORMATION | |
| Πεδίο ελέγχου σταθερού μήκους | 250528s ||||||||||||||||||||||||d |
| 035 ## - SYSTEM CONTROL NUMBER | |
| System control number | 20300 |
| 040 ## - ΠΗΓΗ ΚΑΤΑΛΟΓΟΓΡΑΦΗΣΗΣ | |
| Φορέας πρωτότυπης καταλογογράφησης | MC Athens Campus Library |
| Γλώσσα καταλογογράφησης | Ελληνικά, Μοντέρνα (1453-) |
| Modifying agency | MC Athens Campus Library |
| Κανόνες περιγραφικής καταλογογράφησης | AACR2 |
| 245 1# - ΤΙΤΛΟΣ ΚΑΙ ΔΗΛΩΣΗ ΥΠΕΥΘΥΝΟΤΗΤΑΣ | |
| Τίτλος | Η Εμπορική Επιχείρησις / Και η Προστασία αυτής (Βιομηχανική Ιδιοκτησία) |
| 250 ## - EDITION STATEMENT | |
| Edition statement | 2η |
| 260 ## - PUBLICATION, DISTRIBUTION, ETC. | |
| Name of publisher, distributor, etc. | Αφοί Π. Σάκκουλα, |
| Date of publication, distribution, etc. | 1980 |
| 300 ## - PHYSICAL DESCRIPTION | |
| Extent | 172 |
| 520 ## - SUMMARY, ETC. | |
| Summary, etc. | Η Εμπορική ''Η Βιομηχανική Επιχείρησις'', Έννοια και Στοιχεία και Νομική Φύσις της Επιχειρήσεως, Η Επιχείρισις ως Αντικείμενον του Δικαίου, Η Επιχειρηματική Εγκατάστασις, Προστασία της Εμπορικής Επιχειρήσεως (Βιομηχανική Ιδιοκτησία), Γενικά Περί Βιομηχανικής Ιδιοκτησίας, Η Εμπορική Επωνυμία, Έννοια και Σημασία και Νομική Φύσις, Αρχαί Αξιούσαι Εφαρμογήν επί της Επωνυμίας, Συστήματα Σχηματισμού της Επωνυμίας, Αι Αρχαί της Αλήθειας και της Αποκλειστικότητος εν Ελλάδι, Η Αρχή της Δημοσιότητος Εν Ελλάδι, Κτήσις και Χρησιμοποίησις της Επωνυμίας, Προστασία της Επωνυμίας, Απώλεια του Επί της Επωνυμίας Δικαιώματος, Μεταβίβασις της Επωνυμίας. |
| 700 1# - ΠΡΟΣΘΕΤΗ ΑΝΑΓΡΑΦΗ--ΦΥΣΙΚΟ ΠΡΟΣΩΠΟ | |
| Personal name | Δελουκάς Νικόλαος Α |
| 9 (RLIN) | 6305 |
| 942 ## - ADDED ENTRY ELEMENTS (KOHA) | |
| Koha item type | Books |
| Τύπος τεκμηρίου | Βιβλιοθήκη | Τρέχουσα τοποθεσία | Barcode | Αριθμός εισαγωγής | Ημερομηνία απόκτησης | Ταξιθετικό σύμβολο | Αριθμός αντιτύπου | Κατάσταση απόσυρσης | Κατάσταση χαμένου | Κατάσταση κατεστραμμένου | Μη δανεισμός | Σύνολο δανεισμών | Ημερομηνία τελευταίας εμφάνισης | Η τιμή ισχύει από |
|---|---|---|---|---|---|---|---|---|---|---|---|---|---|---|
| Books | MC Athens Campus Library | MC Athens Campus Library | 9780000054227 | 6658 | 05/06/2025 | 346.066 495 DEL | 1 | 05/06/2025 | 05/06/2025 |